00569 2200229 4500001002100000005001500021035002000036007000300056008004100059020001800100082001400118084002000132100001900152245004000171250001100211260003600222300002500258600002000283990001200303990001200315990001200327INLIS00000000000002220230627125031 a0010-0623000022ta230627 f  a979-407-168-4 a899.221 3 a899.221 3 MER a0 aMerari Siregar1 aAzab dan Sengsara /cMerari Siregar acet 30 aJakarta :bBalai Pustaka,c2010 a188 :bilus ;c21 cm 4aFiksi Indonesia a17.0038 a17.0039 a17.0185